000 00707nam a2200193 4500
999 _c372010
_d372010
008 201207b ||||| |||| 00| 0 eng d
040 _bger
_cDE-2950
_erda
_aDE-2950
041 _ager
245 _aAlles rechtens - Der Brandenburger Schöppenstuhl während der Hexenverfolgung /
_cAlexander Vogel
264 _c2022
490 _aDie Mark Brandenburg
_vSonderheft / 2022. Hexen in Brandenburg
653 _aBrandenburg <Land>
653 _aGerichtsbarkeit 1501 - 1913
773 _dBerlin: Die Mark Brandenburg - Verlag für Regional- und Zeitgeschichte
_g(2022),Sonderheft, S. 40-43: Abb.
_tDie Mark Brandenburg
942 _cA